000 00836cam a2200253 a 4500
001 000004540
005 20200929151446.0
008 991108s1998 sp j 000 1 spa d
020 _a9580443904 (pbk.)
040 _aDO-SdBNP
_bspa
_cBNPHU
082 _a833.91
_bN898b
100 1 _aNostlinger, Christine,
_d1936-
_913261
240 1 0 _aBonsai.
_lespañol.
245 1 0 _aBonsai /
_cChristine Nostlinger ; traducción de María de las Mercedes Ortíz.
260 _aBarcelona :
_bNorma,
_c1998.
300 _a220 p. ;
_c21 cm.
490 1 _aZona libre
534 _aTítulo original:
_tBonsai
650 4 _aCuentos infantiles austríacos
_913262
650 4 _aCuentos de niños
_zAustralia
_913263
650 4 _aNiños
_xCuentos infantiles
_913264
700 1 _aMercedes Ortíz, María de las,
_etr.
_913265
830 0 _aZona libre
_913266
999 _c4349
_d4349